• 首页
  • 本馆介绍
  • 公告通知
  • 最新文献
  • 馆藏检索
  • 电子资源
  • 读者导购
  • 参考咨询
  • 我的图书馆
  • 登录
  • 详细信息显示
  • 放入我的书架
  • 预约/预借图书
  • 作者相关作品
  • 分类相关作品
  • 丛书相关作品
  • 出版社相关作品

书目信息

  • 表格格式
  • 工作单格式
  • 卡片格式
题名:
分子生物学与检验技术
    
 
作者: 胡颂恩 主编
分册:  
出版信息: 北京   人民卫生出版社  2015.3
页数: 14,226页
开本: 28cm
丛书名:
单 册:
中图分类: R446.1
科图分类:
主题词: 分子生物学--医学检验--高等职业教育--教材
电子资源:
ISBN: 978-7-117-20267-1
000 00935nam0 2200241 450
001 0400004629
005 20171024135523.0
010    @a978-7-117-20267-1@dCNY36.00
100    @a20150601e20162015em y0chiy50 ea
101 0  @achi
102    @aCN@b110000
105    @aa z 001yy
106    @ar
200 1  @a分子生物学与检验技术@9fen zi sheng wu xue yu jian yan ji shu@f胡颂恩主编
210    @a北京@c人民卫生出版社@d2015.3@h2016.11
215    @a14,226页@c图@d28cm
300    @a国家卫生和计划生育委员会“十二五”规划教材 全国高等医药教材建设研究会“十二五”规划教材 全国高职高专院校教材 供检验技术专业用
330    @a本书分为分子生物学基本概论、分子生物学常用检验技术两篇共十一章,内容包括:绪论、核酸和蛋白质的结构与功能、基因与基因组学等。
606 0  @a分子生物学@x医学检验@x高等职业教育@j教材
690    @aR446.1@v5
701  0 @a胡颂恩@9hu song en@4主编
801  0 @aCN@b91MARC@c20171024
905    @b1023339-43@dR446.1@f5@e113
    
    分子生物学与检验技术/胡颂恩主编.-北京:人民卫生出版社,2015.3(2016.11)
    14,226页:图;28cm
    国家卫生和计划生育委员会“十二五”规划教材 全国高等医药教材建设研究会“十二五”规划教材 全国高职高专院校教材 供检验技术专业用
    
    ISBN 978-7-117-20267-1:CNY36.00
    本书分为分子生物学基本概论、分子生物学常用检验技术两篇共十一章,内容包括:绪论、核酸和蛋白质的结构与功能、基因与基因组学等。
●
相关链接 在E读中查询图书 在五车中查询图书 在当当中查询图书 在豆瓣中查询图书


正题名:分子生物学与检验技术     索取号:R446.1/113         预约/预借

序号 登录号 条形码 馆藏地/架位号 状态 备注
1 1023339   210233399   第二样本阅览室/ [索取号:R446.1/113] 在馆    
2 1023340   210233406   密集书库-生命科学系/ [索取号:R446.1/113] 在馆    
3 1023341   210233415   第三借阅区/ [索取号:R446.1/113] 在馆    
4 1023342   210233424   第三借阅区/ [索取号:R446.1/113] 在馆    
5 1023343   210233433   第三借阅区/ [索取号:R446.1/113] 在馆    
唐山师范学院图书馆 欢迎您!
大连网信软件有限公司© 版权所有